Antonio Gaudí / (Record no. 187785)

MARC details
000 -LEADER
campo de control de longitud fija 00771nam a2200217 i 4500
001 - NÚMERO DE CONTROL
campo de control 187785
003 - IDENTIFICADOR DE NÚMERO DE CONTROL
campo de control ES-MaACL
005 - FECHA Y HORA DE LA ÚLTIMA TRANSACCIÓN
campo de control 20250323192215.0
008 - DATOS DE LONGITUD FIJA--INFORMACIÓN GENERAL
campo de control de longitud fija 180221s1961 sp |||| | spa d
100 0# - ENTRADA PRINCIPAL--NOMBRE DE PERSONA
Nombre de persona Collins, George R.
9 (RLIN) 39732
245 10 - MENCIÓN DEL TÍTULO
Título Antonio Gaudí /
Mención de responsabilidad, etc. por George R. Collins ; [versión... de Víctor Scholz ; edición... revisada por Luis M. Aragó].
260 ## - PUBLICACIÓN, DISTRIBUCIÓN, ETC.
Lugar de publicación, distribución, etc. Barcelona :
Nombre del editor, distribuidor, etc. Bruguera,
Fecha de publicación, distribución, etc. [1961]
300 ## - DESCRIPCIÓN FÍSICA
Extensión 151 p., lám. 1-107 :
Otras características físicas il. ;
Dimensiones 26 cm.
490 1# - MENCIÓN DE SERIE
Mención de serie Maestros de la Arquitectura Mundial
600 14 - PUNTO DE ACCESO ADICIONAL DE MATERIA--NOMBRE DE PERSONA
Nombre de persona Gaudí, Antoni,
Fechas asociadas al nombre 1852-1926
9 (RLIN) 55994
700 1# - ENTRADA AGREGADA--NOMBRE PERSONAL
Nombre de persona Scholz, Víctor.
9 (RLIN) 104643
700 0# - ENTRADA AGREGADA--NOMBRE PERSONAL
Nombre de persona Aragó, Luis María.
9 (RLIN) 22167
830 0# - PUNTO DE ACCESO ADICIONAL DE SERIE-TÍTULO UNIFORME
Título uniforme Maestros de la Arquitectura Mundial
9 (RLIN) 192833
852 ## - LOCALIZACIÓN
Ubicación ES-MaACL
Número de control de estantería E-3957
Holdings
Estatus retirado Estado de pérdida Estado de daño No para préstamo Biblioteca de origen Biblioteca actual Ubicación en estantería Fecha de adquisición Fuente de adquisición Total de préstamos Signatura topográfica completa Código de barras Visto por última vez Precio de reemplazo Tipo de ítem Koha
        Biblioteca del Ateneo de Madrid Biblioteca del Ateneo de Madrid Depósito 2 21/02/2018     E-3957 1198398 23/02/2023 23/02/2023 Libro impreso